000 00358nam a2200157Ia 4500
001 27433
003 IN-NITTTR
005 20251114233342.0
008 251113s9999||||xx |||||||||||||| ||eng||
040 _beng
040 _cIN-NITTTR
041 _aeng
082 _a658.562 J974
245 0 _aJuran, quality and a century of improvement /
942 _2ddc
_cBK
999 _c30061
_d30061